000 00604nam a22002057a 4500
999 _c6245
_d6245
003 OSt
005 20190820104453.0
008 190820b ||||| |||| 00| 0 eng d
020 _a9780702067174
040 _cDNLM
082 _aWE18 M97n 2018
100 _4Edited by Nicola J. Petty; Dionne, Rider
245 _a Musculoskeletal Examination and Assessment : a handbook for therapists
250 _a5th ed.
260 _aEdinburgh;
_bElsevier,
_c2018
300 _axii,472p;
_bcol.ill:
_c24cm
504 _aReferences, & index included
650 _a Musculoskeletal system
_9161
942 _2ddc
_cBOOK